000 00666nam a2200193 a 4500
008 120416s1997 ||||||||||||||||| || u
020 _a0412748908
050 _aQD 39.3.M3 Yat
100 _aYates, Paul, 1961-
245 1 0 _aChemical calculations
250 _a1st ed.
260 _aLondon
_bBlackie Academic & Professional
_c1997
300 _axiv, 260 p. : ill.
350 _a0.00
500 _aIncludes indexes.
650 0 _aCHEMISTRY--HANDBOOKS, MANUALS, ETC
650 _aCHEMISTRY--MATHEMATICS
995 _D0.00
_FCBU-MAIN LIBRARY (Kitwe)
_H1
_I27.95
_M1
_ULOST
_ZMain Library Open Access Collection
999 _c37146
_d37146